Flagi miast województwa łódzkiego - Statystyki

Ogólne statystyki
  • Ten quiz został rozwiązany 86 razy
  • Średni wynik to 13 z 22
Statystyki odpowiedzi
Obrazkowy Odpowiedź % Poprawnych
Łódź
97%
Pabianice
82%
Piotrków Trybunalski
82%
Bełchatów
74%
Skierniewice
74%
Tomaszów Mazowiecki
74%
Sieradz
73%
Łowicz
71%
Wieluń
69%
Radomsko
63%
Zduńska Wola
63%
Opoczno
60%
Aleksandrów Łódzki
58%
Brzeziny
56%
Uniejów
48%
Wieruszów
48%
Ozorków
45%
Rzgów
44%
Sulejów
37%
Stryków
35%
Żychlin
29%
Działoszyn
27%
Nie znaleziono quizów pasujących do podanych kryteriów
Rozkład punktacji
Procent ludzi z każdym wynikiem
Percentyl według liczby udzielonych odpowiedzi
Twoja historia wyników
Nie rozwiązałeś tego quizu